000 00385 a2200121 4500
001 ART_3508
005 20260410161715.0
008 260409a
245 1 0 _aDesigualdades regionales e ingresos familiares en la Argentina
100 1 _aOrsatti, Alvaro
700 1 _aMann, Arthur J.
773 0 _tDesarrollo económico
_g- Vol. 26, Nº 102 (jul./sep. 1986)
_wREV1174
999 _c16455
_d16455